The education of a design entrepreneur

Bibliographic Details
Main Author: Heller, Steven (Author)
Format: Book
Published: New York : Allworth Press , c2002
Subjects:

MARC

LEADER 00000cam a2200000 7i4500
001 0000007371
005 20070913093000.0
008 021119s2002
020 |a 1581152213 (pbk.) 
090 0 0 |a NC1001.6   |b .E35 2002 
245 0 4 |a The education of a design entrepreneur   |c edited by Steven Heller 
260 |a New York :   |b Allworth Press ,   |c c2002 
300 |a xv, 271 p. :   |b ill. ;   |c 26 cm. 
504 |a Includes index 
650 0 |a Graphic arts   |x Marketing 
650 0 |a Sales promotion 
700 1 |a Heller, Steven ,   |e author 
999 |a 1000105701   |b Book   |c OPEN SHELF (30 DAYS)   |e Gong Badak Campus